| 000 | 00467nam a2200157 4500 | ||
|---|---|---|---|
| 001 | 132083 | ||
| 003 | ES-MaACL | ||
| 005 | 20230906194112.0 | ||
| 007 | t| | ||
| 008 | 070214s1910 sp r ||||1| spa d | ||
| 100 | 1 |
_aRodrÃguez Sanjurjo, Primitivo. _998808 |
|
| 245 | 1 | 4 |
_aLas mesetas ideales _b: poesÃas / _cPrimitivo R. Sanjurjo. |
| 260 |
_aMadrid : _b[s. n.], _c1910 ( _fImp. de Antonio Marzo) |
||
| 300 |
_a154 p. ; _c18 x 12 cm. |
||
| 852 |
_aES-MaACL _jF-11068 |
||
| 999 |
_c132083 _d132083 |
||